LEADER 03315nam a2200325 i 4500 001 000000030379 003 CaOOAMICUS 005 20230420101442.0 008 180830s17301732ch u000 u grc u 040 $aSeMil$bita 041 $agrc$alat 130 0 $aBibbia. Antico Testamento.$0(OLS)http://semarc/title/440679 245 10$aHe Palaia Diatheke kata tous Hebdomekonta. Vetus Testamentum ex versione Septuaginta interpretum olim ad fidem codicis ms. Alexandrini summo studio & incredibili diligentia expressum, emendatum ac suppletum à Joanne Ernesto Grabe S.T.P. Nunc vero exemplaris Vaticani Aliorumque mss. codd lectionibus var. nec non criticis dissertationibus illustratum, insigniterque locupletatum. Summa cura edidit Joannes Jacobus Breitingerus. Tomus 1. [-4.]. 264 1$aTiguri Helvetiorum :$bEx Officina Joannis Heideggeri & Soc.,$c1730-1732. 300 $a4 v. ;$c4°. 500 $aMarca calcogr. non censita (Motto: Iuvat integros accedere fontes) sui front. dei v. 1. e 3., stampati in rosso e nero 500 $aTesto su due colonne 500 $aIniz., finalini xilogr. 500 $aNei vol. 1., 3. antiporta calcogr. disegnata da Simler ed incisa da Locman 500 $aVignetta calcogr. (Due facce di una moneta di epoca tolemaica) sui front. dei v. 2. e 4 700 1 $aGrabe, Johann Ernst,$d<1666-1711>.$0(OLS)http://semarc/name/13967 700 1 $aBreitinger, Johann Jakob.$0(OLS)http://semarc/name/13968 710 0 $aHeidegger & Co.$c.$0(OLS)http://semarc/name/13969 774 0 $tTomus 1.$g1$w()232230 774 0 $t2: Vetus Testamentum ex versione septuaginta interpretum olim ad fidem codicis ms. Alexandrini summo studio & incredibili diligentia expressum, emendatum ac suppletum à Joanne Ernesto Grabe S.T.P. Nunc vero diversis Vaticani exemplaris lectionibus aliisque accessionibus insigniter locupletatum. Summa cura edidit Joannes Jacobus Breitingerus.$g2$w()232231 774 0 $t3: Vetus Testamentum ex versione Septuaginta interpretum olim ad fidem codicis ms. Alexandrini summo studio & incredibili diligentia expressum, emendatum ac suppletum a Joanne Ernesto Grabe S.T.P. Nunc vero diversis Vaticani exemplaris lectionibus aliisque accessionibus insigniter locupletatum. Summa cura edidit Joannes Jacobus Breitingerus.$g3$w()232232 774 0 $t4: Vetus Testamentum ex versione Septuaginta interpretum olim ad fidem codicis ms. Alexandrini summo studio & incredibili diligentia expressum, emendatum ac suppletum a Joanne Ernesto Grabe S.T.P. Nunc vero diversis Vaticani exemplaris lectionibus aliisque accessionibus insigniter locupletatum. Summa cura edidit Joannes Jacobus Breitingerus.$g4$w()232233 996 $6245$aHe Palaia Diatheke kata tous Hebdomekonta. Vetus Testamentum ex versione Septuaginta interpretum olim ad fidem codicis ms. Alexandrini summo studio & incredibili diligentia expressum, emendatum ac suppletum à Joanne Ernesto Grabe S.T.P. Nunc vero exemplaris Vaticani Aliorumque mss. codd lectionibus var. nec non criticis dissertationibus illustratum, insigniterque locupletatum. Summa cura edidit Joannes Jacobus Breitingerus. Tomus 1. [-4.]$9(OLS)http://semarc/title/41353 996 $6264$aTiguri Helvetiorum :$bEx Officina Joannis Heideggeri & Soc.$9(OLS)http://semarc/publisher/38515 LEADER 01930nam a2200301 i 4500 001 000000028440 003 CaOOAMICUS 005 20251107124120.0 008 180830s1885 fr u000 u lat u 040 $aSeMil$bita 100 0 $aTommaso : d'Aquino,$c.$0(OLS)http://semarc/name/423 245 10$aSumma philosophiae :$bex variis libris D. Thomae Aquinatis doctoris angelici in ordinem cursus philosophici /$caccomodata a Cosmo Alamanni. 250 $aEditio juxta alteram parisiensem vulgatam a canonicis regularibus ord. S. Aug. ... / adornata a Bonifacio Felchlin et Francisco Beringer 260 $aParisiis :$bSumptibus et typis Lethielleux,$c1885. 300 $a3 v. (in 6 tomi) ;$c28 cm. 700 1 $aAlamanni, Cosimo,$d<1559-1624>.$0(OLS)http://semarc/name/12981 700 1 $aFelchlin, Bonifacio.$0(OLS)http://semarc/name/12980 700 1 $aBeringer, François,$c.$0(OLS)http://semarc/name/89676 774 0 $tLogica.$kBibliotheca theologiae et philosophiae scholasticae$gTomus1$w()69029 774 0 $tPhysicae. Pars prima.$kBibliotheca theologiae et philosophiae scholasticae$gTomus1$w()69030 774 0 $tPhysicae. Pars secunda.$kBibliotheca theologiae et philosophiae scholasticae$gTomus2$w()69033 774 0 $tPhysicae. Pars tertia.$kBibliotheca theologiae et philosophiae scholasticae$gTomus2$w()69035 774 0 $tEthica.$kBibliotheca theologiae et philosophiae scholasticae$gTomus3$w()69039 774 0 $tMetaphysica.$kBibliotheca theologiae et philosophiae scholasticae$gTomus3$w()69041 830 0$aBibliotheca theologiae et philosophiae scholasticae.$0(OLS)http://semarc/title/38603 996 $6245$aSumma philosophiae :$bex variis libris D. Thomae Aquinatis doctoris angelici in ordinem cursus philosophici$9(OLS)http://semarc/title/38602 996 $6260$aParisiis :$bSumptibus et typis Lethielleux$9(OLS)http://semarc/publisher/37754